000 00608nam a2200205Ia 4500
005 20250923145120.0
008 008 250917s9999 xx 000 0 eng d
037 _aTextual
040 _aDSWL
_beng
_cDSWL
041 _aeng
_2eng
084 _aV2:48(q7)'N6, N68
_qDSWL
100 _aHassnain, S.E.
_9831933
245 0 _aIndian Muslim : Challenge and Opportunity
_cby S.E. Hassnain
260 _aBombay
_bVani Publiing House
_c1968
300 _axiii,352 p.
365 _aINR
_b6.50
925 _g6.50
942 _cTEXL
_hV2:48(q7)'N6, N68
999 _c1447307
_d1447307